[Event "TUR-chT"]
[Site "Konya"]
[Date "2012.07.11"]
[Round "1"]
[White "Aghamaliyev, Cemil"]
[Black "Emiroglu, Cankut"]
[Result "1/2-1/2"]
[WhiteElo "2518"]
[BlackElo "2278"]
[PlyCount "76"]
[EventDate "2012.07.11"]
[EventType "team-tourn"]
[EventRounds "13"]
[EventCountry "TUR"]
[SourceTitle "CBM 149 Extra"]
[Source "ChessBase"]
[SourceDate "2012.08.24"]
[SourceVersion "1"]
[SourceVersionDate "2012.08.24"]
[SourceQuality "1"]
[WhiteTeam "Istanbul Pera"]
[BlackTeam "Ankara Gazi"]
[WhiteTeamCountry "TUR"]
[BlackTeamCountry "TUR"]

1. e4 c5 2. Nc3 Nc6 3. Bb5 Nd4 4. Bc4 e6 5. Nf3 a6 6. a4 Nf6 7. 0-0 Qc7 8. h3 Be7 9. d3 Nxf3+ 10. Qxf3 0-0 11. a5 d6 12. Qg3 Qd8 13. Bb3 e5 14. Bh6 Nh5 15. Qf3 Nf6 16. Bg5 Be6 17. Bc4 h6 18. Bd2 Qc7 19. Qe2 Qc6 20. f4 exf4 21. Bxf4 Rae8 22. Qf3 Bxc4 23. dxc4 Bd8 24. Qg3 Nxe4 25. Nxe4 Qxe4 26. Rad1 Re6 27. Rxd6 Rxd6 28. Bxd6 Re8 29. Qd3 Bf6 30. Bxc5 Bd8 31. Bd6 Bf6 32. Bc5 Bxb2 33. Qd7 Bf6 34. Bb6 Re6 35. Qd3 Qc6 36. Qd5 Rd6 37. Qxc6 Rxc6 38. Rd1 Rxc4 1/2-1/2

[Event "TUR-chT"]
[Site "Konya"]
[Date "2011.07.06"]
[Round "10"]
[White "Nisipeanu, Liviu Dieter"]
[Black "Aghamaliyev, Cemil"]
[Result "1-0"]
[WhiteElo "2659"]
[BlackElo "2523"]
[PlyCount "61"]
[EventDate "2011.06.28"]
[EventType "team-swiss"]
[EventRounds "13"]
[EventCountry "TUR"]
[SourceTitle "CBM 143 Extra"]
[Source "ChessBase"]
[SourceDate "2011.08.29"]
[SourceVersion "1"]
[SourceVersionDate "2011.08.29"]
[SourceQuality "1"]
[WhiteTeam "Isek Aquamatch"]
[BlackTeam "Yapi Kredi"]
[WhiteTeamCountry "TUR"]
[BlackTeamCountry "TUR"]

1. e4 e5 2. Nf3 Nc6 3. Bb5 f5 4. Nc3 fxe4 5. Nxe4 d5 6. Nxe5 dxe4 7. Nxc6 Qg5 8. Qe2 Nf6 9. Nxa7+ Bd7 10. Bxd7+ Nxd7 11. f4 Qc5 12. Nb5 Qxc2 13. d4 Bb4+ 14. Kf2 Qxe2+ 15. Kxe2 0-0 16. Nxc7 Ra5 17. Be3 Bd6 18. Ne6 Rf6 19. Ng5 Bxf4 20. Nxe4 Re6 21. Bxf4 Rxe4+ 22. Be3 Nf6 23. Kd3 Re8 24. Rhe1 Rd8 25. a4 Rad5 26. h3 Nd7 27. b4 Ne5+ 28. Kc3 Nc6 29. b5 Ne7 30. Kb3 Nf5 31. Rad1 1-0